LIBRARY & INFORMATION CENTRE, KCAET, TAVANUR

ONLINE PUBLIC ACCESS CATALOGUE (OPAC)

Wastewater and Biosolids Treatment Technologies:The Comprehensive Reference for Plant Managers and Operators (Record no. 14166)

MARC details
000 -LEADER
fixed length control field 00457nam a22001337a 4500
020 ## - INTERNATIONAL STANDARD BOOK NUMBER
ISBN 086587946X
082 ## - DEWEY DECIMAL CLASSIFICATION NUMBER
Classification number 628.3
Item number CHE/WA
100 ## - MAIN ENTRY--AUTHOR NAME
Personal name Cheremisinoff, Nicholas P
245 ## - TITLE STATEMENT
Title Wastewater and Biosolids Treatment Technologies:The Comprehensive Reference for Plant Managers and Operators
260 ## - PUBLICATION, DISTRIBUTION, ETC. (IMPRINT)
Place of publication Mary land, USA
Name of publisher ABC Consulting Government Institutes
Year of publication 2003
300 ## - PHYSICAL DESCRIPTION
Number of Pages 344
650 ## - SUBJECT ADDED ENTRY--TOPICAL TERM
Topical Term Sewage Purification
-- Sewage sludge
942 ## - ADDED ENTRY ELEMENTS (KOHA)
Koha item type Books
Holdings
Withdrawn status Lost status Damaged status Collection code Home library Current library Shelving location Date acquired Source of acquisition Cost, normal purchase price Full call number Accession Number Koha item type
        KAUAET KAUAET General Stacks 22/06/2016 Calicut Books, Calicut 8051.40 628.3 CHE/WA 23688 Books
free website counter